The Taiwan success story : rapid growth with improved distribution in the Republic of China, 1952-1979
Kaydedildi:
| Yazar: | |
|---|---|
| Materyal Türü: | Kitap |
| Dil: | Undetermined |
| Baskı/Yayın Bilgisi: |
Boulder, Colorado
Westview Press
1981
|
| Konular: | |
| Etiketler: |
Etiketle
Etiket eklenmemiş, İlk siz ekleyin!
|
| Thư viện lưu trữ: | Trung tâm Học liệu Trường Đại học Cần Thơ |
|---|
| LEADER | 00655nam a2200217Ia 4500 | ||
|---|---|---|---|
| 001 | CTU_91196 | ||
| 008 | 210402s9999 xx 000 0 und d | ||
| 082 | |a 338.951249 | ||
| 082 | |b K95 | ||
| 100 | |a Kuo, Shirley W.Y. | ||
| 245 | 4 | |a The Taiwan success story : | |
| 245 | 0 | |b rapid growth with improved distribution in the Republic of China, 1952-1979 | |
| 245 | 0 | |c Shirley W.Y. Kuo, | |
| 260 | |a Boulder, Colorado | ||
| 260 | |b Westview Press | ||
| 260 | |c 1981 | ||
| 650 | |a Economic conditions,Economic policy | ||
| 650 | |y 1945-,1945- | ||
| 650 | |z Taiwan,Taiwan | ||
| 904 | |i Nguyên | ||
| 980 | |a Trung tâm Học liệu Trường Đại học Cần Thơ | ||